000 00489cam a22001337a 4500
008 180718b1967 xxu||||| |||| 00| 0 eng d
082 _aB706x41 Un3/Me/8
100 _aScotland. Royal Commission on Local Government in Scotland
245 _aRoyal Commission on Local Government in Scotland: minutes of evidence 8 (4th April 1967)
260 _aEdinburg
_bHer Majesty's Stationery Office
_c1967
300 _a58p.
500 _aChairman: Lord Wheatley
700 _aWheatley, Lord (Chairman)
999 _c488124
_d488124